000 00770nam a22002417a 4500
003 UA-OsUOA
001 106712
007 ta
008 20140610b un ||||| |||| 00| 0 ukr d
090 _a264-62(082)
_bС24
942 _cBK
040 _aUA-OsUOA
_bukr
_cUA-OsUOA
_dUA-OsUOA
245 _a"Світло єси, Христе": Богослужіння добового кола
_bантологія досліджень
_cупор. Е. Квінлан, В. Рудейко
300 _a312 с.
955 _a1
041 _aukr
080 _a264-62(082)
020 _a978-966-81497-96-3
591 _aПасічник І. Д.
260 _aЛьвів
_bУКУ
_c2012
650 7 _a26 Християнська Церква загалом
_2UDC
999 _c392901
_d392901